000
00276nam a2200133Ia 4500
100
_a
Ganesan/V
942
_c
BK
366
_f
25
245
_a
Internal Combusion
260
_b
Tata McGraw Hill
_a
New Delhi
_c
2010
082
_a
621.43/gan
300
_a
732
546
_a
ENGLISH
999
_c
27962
_d
27962